<?xml version="1.0" encoding="UTF-8"?>
<record
    xmlns:xsi="http://www.w3.org/2001/XMLSchema-instance"
    xsi:schemaLocation="http://www.loc.gov/MARC21/slim http://www.loc.gov/standards/marcxml/schema/MARC21slim.xsd"
    xmlns="http://www.loc.gov/MARC21/slim">

  <leader>01330nam a22002297a 4500</leader>
  <controlfield tag="005">20251008070807.0</controlfield>
  <datafield tag="020" ind1=" " ind2=" ">
    <subfield code="a">9780324381986</subfield>
    <subfield code="c">TZS 139,350/=</subfield>
  </datafield>
  <datafield tag="040" ind1=" " ind2=" ">
    <subfield code="a">MCCL</subfield>
    <subfield code="b">eng.</subfield>
    <subfield code="e">AACR 2nd rev. rd.</subfield>
  </datafield>
  <datafield tag="082" ind1=" " ind2=" ">
    <subfield code="a">657 STI</subfield>
  </datafield>
  <datafield tag="100" ind1=" " ind2=" ">
    <subfield code="a">Stickney, Clyde P.</subfield>
  </datafield>
  <datafield tag="245" ind1=" " ind2=" ">
    <subfield code="a">Financial accounting:</subfield>
    <subfield code="b">an introduction to concepts, methods, and uses</subfield>
    <subfield code="c">/Clyde P. Stickney &amp; Roman L. Weil</subfield>
  </datafield>
  <datafield tag="250" ind1=" " ind2=" ">
    <subfield code="a">12th ed.</subfield>
  </datafield>
  <datafield tag="260" ind1=" " ind2=" ">
    <subfield code="a">Uustralia:</subfield>
    <subfield code="b">Rob Dewey,</subfield>
    <subfield code="c">c2007.</subfield>
  </datafield>
  <datafield tag="300" ind1=" " ind2=" ">
    <subfield code="a">xvi,845p.:</subfield>
    <subfield code="b">col., ill.;</subfield>
    <subfield code="c">28 cm.</subfield>
  </datafield>
  <datafield tag="504" ind1=" " ind2=" ">
    <subfield code="a">Includes reference and index</subfield>
  </datafield>
  <datafield tag="520" ind1=" " ind2=" ">
    <subfield code="a">This book emphasizes the rationale for, and implications of, important accounting concepts. [The authors] place sufficient emphasis on accounting procedures so that students can interpret, analyze, and evaluate published financial statements ... This book attempts to bridge the gap between the preparation of financial statements and their use in various decision situations. The chapters consider the effects of alternative accounting principles on the measurement of earnings and financial position and the appropriate interpretations of them. Numerous problems based on financial statement data of actual companies appear at the end of most chapters.-Pref</subfield>
  </datafield>
  <datafield tag="546" ind1=" " ind2=" ">
    <subfield code="a">eng.</subfield>
  </datafield>
  <datafield tag="650" ind1=" " ind2=" ">
    <subfield code="a">Accounting</subfield>
  </datafield>
  <datafield tag="650" ind1=" " ind2=" ">
    <subfield code="a">Accounting principles</subfield>
  </datafield>
  <datafield tag="700" ind1=" " ind2=" ">
    <subfield code="a">Weil, R. L.</subfield>
  </datafield>
  <datafield tag="942" ind1=" " ind2=" ">
    <subfield code="c">BK</subfield>
  </datafield>
  <datafield tag="999" ind1=" " ind2=" ">
    <subfield code="c">11152</subfield>
    <subfield code="d">11152</subfield>
  </datafield>
  <datafield tag="952" ind1=" " ind2=" ">
    <subfield code="0">0</subfield>
    <subfield code="1">0</subfield>
    <subfield code="4">0</subfield>
    <subfield code="7">0</subfield>
    <subfield code="a">MU002</subfield>
    <subfield code="b">MU002</subfield>
    <subfield code="d">2018-03-01</subfield>
    <subfield code="l">0</subfield>
    <subfield code="o">657 STI</subfield>
    <subfield code="p">003637</subfield>
    <subfield code="r">2025-09-25 06:49:24</subfield>
    <subfield code="t">1</subfield>
    <subfield code="w">2025-09-25</subfield>
    <subfield code="y">BK</subfield>
  </datafield>
  <datafield tag="952" ind1=" " ind2=" ">
    <subfield code="0">0</subfield>
    <subfield code="1">0</subfield>
    <subfield code="4">0</subfield>
    <subfield code="7">0</subfield>
    <subfield code="a">MU002</subfield>
    <subfield code="b">MU002</subfield>
    <subfield code="d">2018-03-01</subfield>
    <subfield code="l">0</subfield>
    <subfield code="o">657 STI</subfield>
    <subfield code="p">003638</subfield>
    <subfield code="r">2025-09-25 06:49:24</subfield>
    <subfield code="t">2</subfield>
    <subfield code="w">2025-09-25</subfield>
    <subfield code="y">BK</subfield>
  </datafield>
  <datafield tag="952" ind1=" " ind2=" ">
    <subfield code="0">0</subfield>
    <subfield code="1">0</subfield>
    <subfield code="4">0</subfield>
    <subfield code="7">0</subfield>
    <subfield code="a">MU002</subfield>
    <subfield code="b">MU002</subfield>
    <subfield code="d">2018-03-01</subfield>
    <subfield code="l">0</subfield>
    <subfield code="o">657 STI</subfield>
    <subfield code="p">003639</subfield>
    <subfield code="r">2025-09-25 06:49:24</subfield>
    <subfield code="t">3</subfield>
    <subfield code="w">2025-09-25</subfield>
    <subfield code="y">BK</subfield>
  </datafield>
  <datafield tag="952" ind1=" " ind2=" ">
    <subfield code="0">0</subfield>
    <subfield code="1">0</subfield>
    <subfield code="4">0</subfield>
    <subfield code="7">0</subfield>
    <subfield code="a">MU002</subfield>
    <subfield code="b">MU002</subfield>
    <subfield code="d">2018-03-01</subfield>
    <subfield code="l">0</subfield>
    <subfield code="o">657 STI</subfield>
    <subfield code="p">003640</subfield>
    <subfield code="r">2025-09-25 06:49:24</subfield>
    <subfield code="t">4</subfield>
    <subfield code="w">2025-09-25</subfield>
    <subfield code="y">BK</subfield>
  </datafield>
  <datafield tag="952" ind1=" " ind2=" ">
    <subfield code="0">0</subfield>
    <subfield code="1">0</subfield>
    <subfield code="4">0</subfield>
    <subfield code="7">0</subfield>
    <subfield code="a">MU002</subfield>
    <subfield code="b">MU002</subfield>
    <subfield code="d">2018-03-01</subfield>
    <subfield code="l">0</subfield>
    <subfield code="o">657 STI</subfield>
    <subfield code="p">003636</subfield>
    <subfield code="r">2025-09-25 06:49:24</subfield>
    <subfield code="t">5</subfield>
    <subfield code="w">2025-09-25</subfield>
    <subfield code="y">BK</subfield>
  </datafield>
</record>
